Acta Metallurgica Slovaca časopis Hutníckej fakulty Technickej univerzity Košice vydávaný v spolupráci s Ústavom materiálového výskumu SAV v Košiciach a Zväzom hutníctva, ťažobného priemyslu a geológie SR a pobočky SHS pri Hutníckej fakulte TU Košice

Bibliographic Details
Other Authors: Kvačkaj, Tibor (Publishing director)
Format: Journal
Language:Slovak
English
German
PhysicalDescription:zv. grafy, obr., tab. 24 cm
Online vydanie: Acta metallurgica slovaca (Online) ISSN 1338-1156
Published: Košice Technická univerzita 1995-
ISSN:1335-1532
Subjects:
Online Access:http://www.qip-journal.eu/index.php/ams/issue/archive

MARC

LEADER 00000cas a2200000 a 4500
001 vtls001479020
003 SK-MaSNL
005 20260228160839.0
008 040721c19959999xo qr p 0 0a0slo
022 |a 1335-1532 
035 |a SNK000434318 
035 |a (SVKBB03)vtls000034512 
040 |a SNK  |b slo  |c SNK  |d SVKBB  |d SAVUK  |e AACR2 
041 0 |a slo  |a eng  |a ger  |b slo  |b eng 
044 |a xo  |c SK 
072 7 |a 669  |x Metalurgia  |2 konspekt 
080 |a 669  |2 2011 
080 |a (051)-027.561  |2 2011 
080 |a 050  |2 2011 
210 0 |a Acta Metall. Slovaca 
222 0 |a Acta Metallurgica Slovaca 
245 0 0 |a Acta Metallurgica Slovaca  |b časopis Hutníckej fakulty Technickej univerzity Košice vydávaný v spolupráci s Ústavom materiálového výskumu SAV v Košiciach a Zväzom hutníctva, ťažobného priemyslu a geológie SR a pobočky SHS pri Hutníckej fakulte TU Košice 
260 |a Košice  |b Technická univerzita  |c 1995- 
300 |a zv.  |b grafy, obr., tab.  |c 24 cm 
310 |a 4x ročne  |b 1995- 
321 |a 1x ročne  |b 2005 
362 0 |a Roč. 1, č. 1 (1995)- 
500 |a Od r. 1997 vychádza aj s mimoriadnymi číslami 
500 |a Výkonný red. : 1/1995-2/1999, 1/2003, Milan Škrobian ; 3/1999-2002, 2/2003, Beatrice Plešingerová ; 3/2003-?, Henrieta Šebeková 
500 |a Evidenčné číslo: EV 4058/10 ; EV 5174/15 
500 |a Šéfredaktor: 2014- , Tibor Kvačkaj 
500 |a Od 1.1.2008 články len v angl. jazyku, v slovenčine len názov a abstrakty 
504 |a Bibliogr. 
530 |a Online vydanie: Acta metallurgica slovaca (Online) ISSN 1338-1156 
546 |a Čiast. text aj v nem., angl. ; res. slov., angl. 
550 |a 1995-, vydáva Hutnícka fakulta Technickej univerzity v spolupráci s Ústavom materiálového výskumu SAV v Košiciach, Zväzom hutníctva, ťažobného priemyslu a geológie Slovenskej republiky a pobočky SHS pri Hutníckej fakulte TU Košice 
650 0 7 |a metalurgia  |2 SNKPH  |9 941 
650 0 7 |a Metallurgy  |2 SNKPHeng  |9 267452 
655 7 |a odborné časopisy  |2 SNKPH  |9 70505 
655 7 |a Professional journals  |2 SNKPHeng  |9 265007 
700 1 |a Škrobian, Milan,  |4 red  |9 200490 
700 1 |a Plešingerová, Beatrice,  |4 red  |9 40562 
700 1 |a Šebeková, Henrieta  |4 red  |9 267453 
700 1 |a Kvačkaj, Tibor  |4 pbd  |9 9017 
710 2 |a Technická univerzita v Košiciach.  |b Hutnícka fakulta  |4 pbl  |9 177470 
710 2 |a Zväz hutníctva, ťažobného priemyslu a geológie Slovenskej republiky  |4 pbl  |9 34815 
710 2 |a Slovenská akadémia vied.  |b Ústav materiálového výskumu  |4 pbl  |9 189595 
710 2 |a Slovenská hutnícka spoločnosť (Košice, Slovensko)  |4 pbl 
852 |a Štátna vedecká knižnica v Banskej Bystrici 
856 4 1 |u http://www.qip-journal.eu/index.php/ams/issue/archive 
910 |a savuk 
910 |a snk 
916 |a 1995-2015, 2016-2018, 2019 
958 |a NB 
999 |c 3753  |d 5683 
952 |0 0  |1 0  |4 0  |7 0  |a SNK  |b SNK  |d 2006-02-14  |i snkČSP 634/2004  |l 0  |o snkČSC 3321/5/1999 D1  |p 17A0498106  |r 2026-02-21 19:46:43  |t č. 1-4  |w 2026-02-21  |y PREZ 
952 |0 0  |1 0  |4 0  |7 0  |8 0  |a SNK  |b SNK  |d 2023-06-30  |i snk2023/10285  |l 0  |o snkČSC 3321/25/2019 D1  |p 17A1520588  |r 2026-02-21 19:51:49  |t č. 1-4  |w 2026-02-21  |y PREZ 
952 |0 0  |1 0  |4 0  |7 0  |8 0  |a SNK  |b SNK  |d 2023-06-30  |i snk2023/10286  |l 0  |o snkČSC 3321/26/2020  |p 17A1520587  |r 2026-02-21 19:51:49  |t č. 1-4  |w 2026-02-21  |y PREZ 
952 |0 0  |1 0  |4 0  |7 0  |8 0  |a SNK  |b SNK  |d 2023-06-30  |i snk2023/10287  |l 0  |o snkČSC 3321/27/2021  |p 17A1520586  |r 2026-02-21 19:51:49  |t č. 1-4  |w 2026-02-21  |y PREZ 
952 |0 0  |1 0  |4 0  |7 0  |8 0  |a SNK  |b SNK  |d 2023-06-30  |i snk2023/10288  |l 0  |o snkČSC 3321/28/2022  |p 17A1520585  |r 2026-02-21 19:51:49  |t č. 1-4  |w 2026-02-21  |y PREZ 
952 |0 0  |1 0  |4 0  |7 0  |8 0  |a SNK  |b SNK  |d 2011-04-06  |i snk2004/632  |l 0  |o snkČSC 3321/6/2000 D1  |p 17A0692558  |r 2026-02-21 19:57:08  |t č. 1-4  |w 2026-02-21  |y PREZ 
952 |0 0  |1 0  |4 0  |7 0  |8 0  |a SNK  |b SNK  |d 2008-01-08  |f 1  |i snk2008/307  |l 0  |o snkČSC 3321/10/2004/1  |p 17A0563683  |r 2026-02-21 20:13:20  |t č. 1-4  |w 2026-02-21  |y PREZ 
952 |0 0  |1 0  |4 0  |7 0  |8 0  |a SNK  |b SNK  |d 2008-01-08  |i snk2008/282  |l 0  |o snkČSC 3321/7/2001/2 D1  |p 17A0563670  |r 2026-02-21 20:15:16  |t č. 3-3(2/2) mim. č.  |w 2026-02-21  |y PREZ 
952 |0 0  |1 0  |4 0  |7 0  |8 0  |a SNK  |b SNK  |d 2008-01-08  |f 1  |i snk2008/277  |l 0  |o snkČSC 3321/7/2001/1  |p 17A0563667  |r 2026-02-21 20:21:30  |t č. 1-2, neúpl. + mim. č.  |w 2026-02-21  |y PREZ  |z chýba č. 1; mim. č. 1-2 
952 |0 0  |1 0  |4 0  |7 0  |8 0  |a SNK  |b SNK  |d 2008-01-08  |i snk2008/280  |l 0  |o snkČSC 3321/7/2001/1 D1  |p 17A0563668  |r 2026-02-21 20:21:30  |t č. 1-2 + mim. č.  |w 2026-02-21  |y PREZ 
952 |0 0  |1 0  |4 0  |7 0  |8 0  |a SNK  |b SNK  |d 2008-01-08  |f 1  |i snk2008/281  |l 0  |o snkČSC 3321/7/2001/2  |p 17A0563669  |r 2026-02-21 20:21:30  |t č. 3, + mim.č   |w 2026-02-21  |y PREZ  |z mim. č. 3(1/2), 3 (2/2)  
952 |0 0  |1 0  |4 0  |7 0  |8 0  |a SNK  |b SNK  |d 2008-01-08  |f 1  |i snk2008/285  |l 0  |o snkČSC 3321/7/2001/3  |p 17A0563671  |r 2026-02-21 20:21:31  |t č. 4-5,+ mim. č.  |w 2026-02-21  |y PREZ  |z mim. č.: 4/2001 
952 |0 0  |1 0  |4 0  |7 0  |8 0  |a SNK  |b SNK  |d 2008-01-08  |i snk2008/286  |l 0  |o snkČSC 3321/7/2001/3 D1  |p 17A0563672  |r 2026-02-21 20:21:31  |t č. 4-5 mim. č.  |w 2026-02-21  |y PREZ 
952 |0 0  |1 0  |4 0  |7 0  |8 0  |a SNK  |b SNK  |d 2008-01-08  |f 1  |i snk2008/287  |l 0  |o snkČSC 3321/7/2001/4  |p 17A0563673  |r 2026-02-21 20:21:31  |t č. 5(1/3) - 5(3/3) mim. č.  |w 2026-02-21  |y PREZ 
952 |0 0  |1 0  |4 0  |7 0  |8 0  |a SNK  |b SNK  |d 2008-01-08  |i snk2008/289  |l 0  |o snkČSC 3321/7/2001/4 D1  |p 17A0563674  |r 2026-02-21 20:21:31  |t č. 5(1/3) - 5(3/3) mim. č.  |w 2026-02-21  |y PREZ 
952 |0 0  |1 0  |4 0  |7 0  |8 0  |a SNK  |b SNK  |d 2008-01-08  |f 1  |i snk2008/291  |l 0  |o snkČSC 3321/8/2002/1  |p 17A0563675  |r 2026-02-21 20:21:32  |t č. 1-2,+mim.č.  |w 2026-02-21  |y PREZ  |z mim.č. 2 (1/2) 
952 |0 0  |1 0  |4 0  |7 0  |8 0  |a SNK  |b SNK  |d 2008-01-08  |i snk2008/293  |l 0  |o snkČSC 3321/8/2002/1 D1  |p 17A0563676  |r 2026-02-21 20:21:32  |t č. 1-2(1/2) mim. č.  |w 2026-02-21  |y PREZ 
952 |0 0  |1 0  |4 0  |7 0  |8 0  |a SNK  |b SNK  |d 2008-01-08  |i snk2008/297  |l 0  |o snkČSC 3321/8/2002/2 D1  |p 17A0563678  |r 2026-02-21 20:21:32  |t č. 2(2/2)- 3 mim. č.  |w 2026-02-21  |y PREZ 
952 |0 0  |1 0  |4 0  |7 0  |8 0  |a SNK  |b SNK  |d 2008-01-08  |f 1  |i snk2008/301  |l 0  |o snkČSC 3321/8/2002/3  |p 17A0563679  |r 2026-02-21 20:21:32  |t č. 3-4,+ mim. č.  |w 2026-02-21  |y PREZ  |z mim.č. 4 
952 |0 0  |1 0  |4 0  |7 0  |8 0  |a SNK  |b SNK  |d 2008-01-08  |i snk2008/303  |l 0  |o snkČSC 3321/8/2002/3 D1  |p 17A0563680  |r 2026-02-21 20:21:32  |t č. 3-4,+ mim. č.  |w 2026-02-21  |y PREZ 
952 |0 0  |1 0  |4 0  |7 0  |8 0  |a SNK  |b SNK  |d 2008-01-08  |f 1  |i snk2008/305  |l 0  |o snkČSC 3321/9/2003  |p 17A0563681  |r 2026-02-21 20:21:32  |t č. 1-4  |w 2026-02-21  |y PREZ 
952 |0 0  |1 0  |4 0  |7 0  |8 0  |a SNK  |b SNK  |d 2008-01-08  |i snk2008/306  |l 0  |o snkČSC 3321/9/2003 D1  |p 17A0563682  |r 2026-02-21 20:21:32  |t č. 1-4  |w 2026-02-21  |y PREZ 
952 |0 0  |1 0  |4 0  |7 0  |8 0  |a SNK  |b SNK  |d 2008-01-08  |f 1  |i snk2008/314  |l 0  |o snkČSC 3321/10/2004/2  |p 17A0563685  |r 2026-02-21 20:21:32  |t č. 1 mim. č.  |w 2026-02-21  |y PREZ 
952 |0 0  |1 0  |4 0  |7 0  |8 0  |a SNK  |b SNK  |d 2008-01-08  |i snk2008/316  |l 0  |o snkČSC 3321/10/2004/2 D1  |p 17A0563686  |r 2026-02-21 20:21:32  |t č. 1 mim. č.  |w 2026-02-21  |y PREZ 
952 |0 0  |1 0  |4 0  |7 0  |a SNK  |b SNK  |d 2006-02-14  |f 1  |i snkČSP 1694/2000  |l 0  |o snkČSC 3321/2/1996  |p 17A0498095  |r 2026-02-21 20:21:44  |t č. 1-4,+ mim.č.  |w 2026-02-21  |y PREZ 
952 |0 0  |1 0  |4 0  |7 0  |8 0  |a SNK  |b SNK  |d 2008-01-08  |f 1  |i snk2008/295  |l 0  |o snkČSC 3321/8/2002/2  |p 17A0563677  |r 2026-02-21 20:21:50  |t č. 3,+ mim. č.  |w 2026-02-21  |y PREZ  |z mim.č. 2(2/2) 
952 |0 0  |1 0  |4 0  |7 0  |8 0  |a SNK  |b SNK  |d 2008-01-08  |i snk2008/311  |l 0  |o snkČSC 3321/10/2004/1 D1  |p 17A0563684  |r 2026-02-21 20:28:59  |t č. 1-4  |w 2026-02-21  |y PREZ 
952 |0 0  |1 0  |3 rekatalogizácia  |4 0  |7 0  |a SNK  |b SNK  |d 2008-02-26  |f 1  |i snkČSP 1692/2000  |l 0  |o snkČSC 3321/3/1997  |p 17A0579593  |r 2026-02-21 20:39:17  |t č. 1-4  |w 2026-02-21  |y PREZ 
952 |0 0  |1 0  |4 0  |7 0  |a SNK  |b SNK  |d 2012-01-24  |i snkČSP 2000/1695  |l 0  |o snkČSC 3321/2/1996 D1  |p 17A7632911  |r 2026-02-21 20:40:14  |t č. 1-6  |w 2026-02-21  |y PREZ 
952 |0 0  |1 0  |4 0  |7 0  |8 0  |a SNK  |b SNK  |d 2014-03-19  |f 1  |i snk2014/7100  |l 0  |o snkČSC 3321/11/2005  |p 17A0752156  |r 2026-02-21 20:41:47  |t č. 1  |w 2026-02-21  |y PREZ 
952 |0 0  |1 0  |4 0  |7 0  |8 0  |a SNK  |b SNK  |d 2014-03-19  |i snk2014/7104  |l 0  |o snkČSC 3321/11/2005 D1  |p 17A0752155  |r 2026-02-21 20:41:47  |t č. 1  |w 2026-02-21  |y PREZ 
952 |0 0  |1 0  |4 0  |7 0  |8 0  |a SNK  |b SNK  |d 2014-03-19  |f 1  |i snk2014/7109  |l 0  |o snkČSC 3321/12/2006  |p 17A0752171  |r 2026-02-21 20:41:47  |t č. 1-4  |w 2026-02-21  |y PREZ 
952 |0 0  |1 0  |4 0  |7 0  |8 0  |a SNK  |b SNK  |d 2014-03-19  |i snk2014/7113  |l 0  |o snkČSC 3321/12/2006 D1  |p 17A0752170  |r 2026-02-21 20:41:47  |t č. 1-4  |w 2026-02-21  |y PREZ 
952 |0 0  |1 0  |4 0  |7 0  |8 0  |a SNK  |b SNK  |d 2014-03-19  |f 1  |i snk2014/7116  |l 0  |o snkČSC 3321/13/2007  |p 17A0752159  |r 2026-02-21 20:41:47  |t č. 1-4  |w 2026-02-21  |y PREZ 
952 |0 0  |1 0  |4 0  |7 0  |8 0  |a SNK  |b SNK  |d 2014-03-19  |i snk2014/7120  |l 0  |o snkČSC 3321/13/2007 D1  |p 17A0752160  |r 2026-02-21 20:41:47  |t č. 1-4  |w 2026-02-21  |y PREZ 
952 |0 0  |1 0  |4 0  |7 0  |8 0  |a SNK  |b SNK  |d 2014-03-19  |f 1  |i snk2014/7126  |l 0  |o snkČSC 3321/14/2008  |p 17A0752161  |r 2026-02-21 20:41:48  |t č. 1-4  |w 2026-02-21  |y PREZ  |z č. 3-4 dvojčíslo 
952 |0 0  |1 0  |4 0  |7 0  |8 0  |a SNK  |b SNK  |d 2014-03-19  |i snk2014/7137  |l 0  |o snkČSC 3321/14/2008 D1  |p 17A0752169  |r 2026-02-21 20:41:48  |t č. 1-4  |w 2026-02-21  |y PREZ  |z č. 3-4 dvojčíslo 
952 |0 0  |1 0  |4 0  |7 0  |8 0  |a SNK  |b SNK  |d 2014-03-19  |f 1  |i snk2014/7140  |l 0  |o snkČSC 3321/15/2009  |p 17A0752162  |r 2026-02-21 20:41:48  |t č. 1-4  |w 2026-02-21  |y PREZ 
952 |0 0  |1 0  |4 0  |7 0  |8 0  |a SNK  |b SNK  |d 2014-03-19  |i snk2014/7141  |l 0  |o snkČSC 3321/15/2009 D1  |p 17A0752163  |r 2026-02-21 20:41:48  |t č. 1-4  |w 2026-02-21  |y PREZ 
952 |0 0  |1 0  |4 0  |7 0  |8 0  |a SNK  |b SNK  |d 2014-03-20  |f 1  |i snk2014/7309  |l 0  |o snkČSC 3321/17/2011  |p 17A0752167  |r 2026-02-21 20:42:04  |t č. 1-4  |w 2026-02-21  |y PREZ 
952 |0 0  |1 0  |4 0  |7 0  |8 0  |a SNK  |b SNK  |d 2014-03-20  |i snk2014/7310  |l 0  |o snkČSC 3321/17/2011 D1  |p 17A0752168  |r 2026-02-21 20:42:04  |t č. 1-4, neúpl.  |w 2026-02-21  |y PREZ  |z chýba č. 2 
952 |0 0  |1 0  |4 0  |7 0  |8 0  |a SNK  |b SNK  |d 2014-03-20  |f 1  |i snk2014/7312  |l 0  |o snkČSC 3321/18/2012  |p 17A0752182  |r 2026-02-21 20:42:04  |t č. 1-4  |w 2026-02-21  |y PREZ  |z č. 2-3 ako dvojčíslo 
952 |0 0  |1 0  |4 0  |7 0  |8 0  |a SNK  |b SNK  |d 2014-03-20  |i snk2014/7313  |l 0  |o snkČSC 3321/18/2012 D1  |p 17A0752183  |r 2026-02-21 20:42:04  |t č. 1-4  |w 2026-02-21  |y PREZ  |z č. 2-3 ako dvojčíslo 
952 |0 0  |1 0  |4 0  |7 0  |8 0  |a SNK  |b SNK  |d 2014-03-27  |f 1  |i snk2014/8111  |l 0  |o snkČSC 3321/16/2010  |p 17A0752255  |r 2026-02-21 20:42:11  |t č. 1-4  |w 2026-02-21  |y PREZ 
952 |0 0  |1 0  |4 0  |7 0  |8 0  |a SNK  |b SNK  |d 2014-03-27  |i snk2014/8113  |l 0  |o snkČSC 3321/16/2010 D1  |p 17A0752256  |r 2026-02-21 20:42:13  |t č. 1-4  |w 2026-02-21  |y PREZ 
952 |0 0  |1 0  |4 0  |7 0  |8 0  |a SNK  |b SNK  |d 2014-03-27  |f 1  |i snk2014/8115  |l 0  |o snkČSC 3321/19/2013  |p 17A0752257  |r 2026-02-21 20:42:13  |t č. 1-4  |w 2026-02-21  |y PREZ 
952 |0 0  |1 0  |4 0  |7 0  |8 0  |a SNK  |b SNK  |d 2014-03-27  |i snk2014/8117  |l 0  |o snkČSC 3321/19/2013 D1  |p 17A0752258  |r 2026-02-21 20:42:13  |t č. 1-4  |w 2026-02-21  |y PREZ 
952 |0 0  |1 0  |4 0  |7 0  |a SNK  |b SNK  |d 2014-04-03  |f 1  |i snkČSP 1665/2001  |l 0  |o snkČSC 3321/1/1995  |p 17A1029543  |r 2026-02-21 20:51:18  |t č. 1-3  |w 2026-02-21  |y PREZ 
952 |0 0  |1 0  |4 0  |7 0  |a SNK  |b SNK  |d 2014-04-03  |f 1  |i snkČSP 1696/2000  |l 0  |o snkČSC 3321/3/1997/1  |p 17A1029544  |r 2026-02-21 20:51:18  |t č. (1/2),(2/2) mim.č.  |w 2026-02-21  |y PREZ 
952 |0 0  |1 0  |4 0  |7 0  |a SNK  |b SNK  |d 2014-04-03  |f 1  |i snkČSP 1177/2001  |l 0  |o snkČSC 3321/4/1998   |p 17A1029545  |r 2026-02-21 20:51:18  |t č. 1-4,+ mim.č.  |w 2026-02-21  |y PREZ  |z mimoriadne číslo: roč. 4, č. 1,3 
952 |0 0  |1 0  |4 0  |7 0  |a SNK  |b SNK  |d 2014-04-03  |f 1  |i snkČSP 633/20004  |l 0  |o snkČSC 3321/5/1999   |p 17A1029546  |r 2026-02-21 20:51:18  |t č. 1-4,+ mim.č  |w 2026-02-21  |y PREZ  |z mimoriadne číslo: roč.5 č. 3 
952 |0 0  |1 0  |4 0  |7 0  |a SNK  |b SNK  |d 2014-04-03  |f 1  |i snkČSP 631/2004  |l 0  |o snkČSC 3321/6/2000   |p 17A1029547  |r 2026-02-21 20:51:18  |t č. 1-4  |w 2026-02-21  |y PREZ 
952 |0 0  |1 0  |3 Rekatalogizácia  |4 0  |7 0  |a SNK  |b SNK  |d 2006-02-01  |i snkČSP 1178/2001  |l 0  |o snkČSC 3321/4/1998 D1  |p 17A0495646  |r 2026-02-21 21:09:28  |t č. 1-4  |w 2026-02-21  |y PREZ 
952 |0 0  |1 0  |4 0  |7 0  |8 0  |a SNK  |b SNK  |d 2019-05-16  |f 1  |i snk2019/13543  |l 0  |o snkČSC 3321/22/2016  |p 17A1367011  |r 2026-02-21 22:07:20  |t č. 1-4  |w 2026-02-21  |y PREZ 
952 |0 0  |1 0  |4 0  |7 0  |8 0  |a SNK  |b SNK  |d 2019-05-16  |f 1  |i snk2019/13544  |l 0  |o snkČSC 3321/23/2017  |p 17A1367010  |r 2026-02-21 22:07:20  |t č. 1-4  |w 2026-02-21  |y PREZ 
952 |0 0  |1 0  |4 0  |7 0  |8 0  |a SNK  |b SNK  |d 2019-05-16  |f 1  |i snk2019/13548  |l 0  |o snkČSC 3321/24/2018  |p 17A1367009  |r 2026-02-21 22:07:20  |t č. 1-4  |w 2026-02-21  |y PREZ 
952 |0 0  |1 0  |4 0  |7 0  |8 0  |a SNK  |b SNK  |d 2019-05-16  |i snk2019/13549  |l 0  |o snkČSC 3321/21/2015 D1  |p 17A1367008  |r 2026-02-21 22:07:20  |t č. 1-4  |w 2026-02-21  |y PREZ 
952 |0 0  |1 0  |4 0  |7 0  |8 0  |a SNK  |b SNK  |d 2019-05-16  |i snk2019/13551  |l 0  |o snkČSC 3321/22/2016 D1  |p 17A1367007  |r 2026-02-21 22:07:21  |t č. 1-4  |w 2026-02-21  |y PREZ 
952 |0 0  |1 0  |4 0  |7 0  |8 0  |a SNK  |b SNK  |d 2019-05-16  |i snk2019/13553  |l 0  |o snkČSC 3321/23/2017 D1  |p 17A1367006  |r 2026-02-21 22:07:21  |t č. 1-4  |w 2026-02-21  |y PREZ 
952 |0 0  |1 0  |4 0  |7 0  |8 0  |a SNK  |b SNK  |d 2019-05-16  |i snk2019/13555  |l 0  |o snkČSC 3321/24/2018 D1  |p 17A1367005  |r 2026-02-21 22:07:21  |t č. 1-4  |w 2026-02-21  |y PREZ 
952 |0 0  |1 0  |4 0  |7 0  |8 0  |a SNK  |b SNK  |d 2016-04-26  |f 1  |i snk2016/10744  |l 0  |o snkČSC 3321/20/2014  |p 17A1099302  |r 2026-02-21 22:16:34  |t č. 1-4, neúplné  |w 2026-02-21  |y PREZ  |z chýba č. 4 
952 |0 0  |1 0  |4 0  |7 0  |8 0  |a SNK  |b SNK  |d 2016-04-26  |i snk2016/10747  |l 0  |o snkČSC 3321/20/2014 D1  |p 17A1099303  |r 2026-02-21 22:16:34  |t č. 1-4, neúplné  |w 2026-02-21  |y PREZ  |z chýba č. 4 
952 |0 0  |1 0  |4 0  |7 0  |8 0  |a SNK  |b SNK  |d 2016-04-26  |f 1  |i snk2016/10750  |l 0  |o snkČSC 3321/21/2015  |p 17A1099304  |r 2026-02-21 22:16:34  |t č. 1-4  |w 2026-02-21  |y PREZ 
952 |0 0  |1 0  |4 0  |7 0  |8 0  |a SNK  |b SNK  |d 2020-10-21  |f 1  |i snk2020/19306  |l 0  |o snkČSC 3321/25/2019  |p 17A1432425  |r 2026-02-21 22:23:00  |t č. 1-4  |w 2026-02-21  |y PREZ